| 000 | 00390nam a2200157Ia 4500 | ||
|---|---|---|---|
| 008 | 230711s9999||||xx |||||||||||||| ||und|| | ||
| 041 | _aENG | ||
| 082 |
_a677 _bST-O |
||
| 100 | _aSturm,Terry W | ||
| 245 | 0 | _aOpen channel hydraulics science and technology | |
| 250 | _a1st . . Ed. | ||
| 260 |
_c2001 _aNew York _bMcGraw Hill |
||
| 300 | _a493 | ||
| 650 | _aCivil Engineering | ||
| 942 | _cBK | ||
| 999 |
_c4728 _d4728 |
||